[Event "Collado Villalba op-A 34th"]
[Site "Collado Villalba"]
[Date "2017.08.28"]
[Round "7"]
[White "Villacorta Nicolas, David"]
[Black "Cao Armillas, Jesus"]
[Result "1-0"]
[WhiteElo "2048"]
[BlackElo "2204"]
[PlyCount "81"]
[EventDate "2017.08.22"]
[EventType "swiss"]
[EventRounds "9"]
[EventCountry "ESP"]
[SourceTitle "CBM 180 Extra"]
[Source "ChessBase"]
[SourceDate "2017.10.06"]
[SourceVersion "1"]
[SourceVersionDate "2017.10.06"]
[SourceQuality "1"]

1. e4 c5 2. Nf3 d6 3. d4 cxd4 4. Nxd4 Nf6 5. Nc3 a6 6. h3 e6 7. g4 Nc6 8. Bg2 Qc7 9. 0-0 Be7 10. Be3 0-0 11. f4 Bd7 12. g5 Ne8 13. Nxc6 bxc6 14. f5 e5 15. Na4 Rb8 16. c4 d5 17. c5 Rb4 18. a3 Rxa4 19. Qxa4 d4 20. Bf2 Bxc5 21. Rfc1 Be7 22. h4 Nd6 23. Be1 Qb7 24. Qb4 Qa8 25. Qa5 f6 26. gxf6 gxf6 27. Bb4 Rc8 28. Bf1 c5 29. Rxc5 Qxe4 30. Rxc8+ Bxc8 31. Bg2 Qxf5 32. Bxd6 Bxd6 33. Qd8+ Bf8 34. Rf1 Qg4 35. Rxf6 Qg7 36. Kh1 Bb7 37. Rxf8+ Qxf8 38. Qxf8+ Kxf8 39. Bxb7 a5 40. Be4 h6 41. Kg2 1-0

[Event "Collado Villalba op-A 34th"]
[Site "Collado Villalba"]
[Date "2017.08.27"]
[Round "6"]
[White "Cao Armillas, Jesus"]
[Black "Hernando Pertierra, Jose Carlos"]
[Result "0-1"]
[WhiteElo "2204"]
[BlackElo "2348"]
[PlyCount "120"]
[EventDate "2017.08.22"]
[EventType "swiss"]
[EventRounds "9"]
[EventCountry "ESP"]
[SourceTitle "CBM 180 Extra"]
[Source "ChessBase"]
[SourceDate "2017.10.06"]
[SourceVersion "1"]
[SourceVersionDate "2017.10.06"]
[SourceQuality "1"]

1. d4 g6 2. c4 Bg7 3. Nf3 d6 4. g3 Nf6 5. Bg2 c6 6. Nc3 0-0 7. 0-0 Qa5 8. Bd2 Qh5 9. Qb3 e5 10. Rad1 e4 11. Ng5 d5 12. cxd5 cxd5 13. Nxd5 Nxd5 14. Qxd5 h6 15. Bb4 Qxg5 16. Qxg5 hxg5 17. Bxf8 Bxf8 18. Bxe4 Nd7 19. Bg2 Nb6 20. Rd2 Rb8 21. Rc1 Bb4 22. Rd3 Bg4 23. Rc2 Bd6 24. Kf1 Be6 25. d5 Bf5 26. e4 Bd7 27. Kg1 g4 28. f4 gxf3 29. Rxf3 Kg7 30. h4 Re8 31. Rfc3 Na4 32. Rb3 Nc5 33. Re3 Na6 34. Kh1 Nb4 35. Rd2 f6 36. a3 Na6 37. b4 Rc8 38. Kh2 Rc1 39. Bh3 Bxh3 40. Kxh3 Nb8 41. Ree2 Rc3 42. Rg2 Nd7 43. Rc2 Rxa3 44. Rc8 Kf7 45. Rd8 Nf8 46. b5 Ke7 47. Rc8 Kd7 48. Rcc2 Rb3 49. Rcf2 Be5 50. Ra2 Rxb5 51. Rxa7 Rb3 52. Ra8 Ke7 53. Kg4 Nd7 54. Rc8 Re3 55. Rc4 Bd6 56. Kh3 b5 57. Rcc2 b4 58. Rce2 Rxe2 59. Rxe2 b3 60. g4 Be5 0-1